000 00796nam a22001937a 4500
005 20251108172804.0
008 250721s2000 ua gr 000 0 ara d
020 _a9772820900
082 1 4 _a025.32
_bش ر ف
100 1 _aشرف الدين، عبد التواب
_eمؤلف.
245 1 0 _aالفهرسة الوصفية :
_bالفهارس الموحدة - فهرسة التراث المخطوط العربي /
_cدكتور عبد التواب شرف الجدين.
250 _aالطبعة الاولى.
264 3 1 _aالقاهرة :
_bالدار الدولية للإستثمارات الثقافية،
_c2000.
300 _a247 صفحة.
650 1 7 _aالمعالجه الفنيه.
650 1 7 _aالفهرسه الوصفيه.
942 _2ddc
_cBK
999 _c88517
_d88517